Keď príde láska

Príbeh Abigail, najmladšej dcéry lorda Riverdala nás opäť zavedie do rodiny Westcottovcov, ktorých história sa začala písať začiatkom 18.storočia. Abigail je sebavedomá hrdinka, ktorá bez váhania vyhreší sluhu, čo v prítomnosti dám rúbal drevo do pol pása nahý.. Ibaže ten muž nie je sluha, ale podpl...

Full description

Bibliographic Details
Main Author: Balogh, Mary, 1944- (Author)
Other Authors: Kurimský Oľšavská, Antónia (Narrator)
Format: CD Audio
Language:Slovak
English
PhysicalDescription:1 elektronický optický disk (CD-ROM) digitálny, mono, MP3 12 cm
Published: Levoča Slovenská knižnica pre nevidiacich Mateja Hrebendu 2022
ISBN:9788018104507
Subjects:

MARC

LEADER 00000nim a2200000 a 4500
001 vtls012139727
003 SK-MaSNL
005 20260301151313.0
007 sd fsngnnmmnud
008 220616s2022 xo nnnnfs f n slo
015 |a SNBJ2023 
020 |a 9788018104507  |q (zvuková kniha) 
040 |a SNK  |b slo  |c SNK  |e AACR2 
041 1 |a slo  |h eng 
044 |a xo  |c SK 
072 7 |a 821.111-3  |x Anglická próza, anglicky písaná  |2 konspekt 
080 |a 821.111(71)-31  |2 2011 
080 |a (0:82-312.5)  |2 2011 
080 |a (086.76)  |2 2001 
100 1 |a Balogh, Mary,  |d 1944-  |4 aut  |9 93696 
245 1 0 |a Keď príde láska  |h elektronický zdroj  |c Mary Baloghová ; číta: Antónia Kurimský Oľšavská 
260 |a Levoča  |b Slovenská knižnica pre nevidiacich Mateja Hrebendu  |c 2022 
300 |a 1 elektronický optický disk (CD-ROM)  |b digitálny, mono, MP3  |c 12 cm 
306 |a 110500 
520 8 |a Príbeh Abigail, najmladšej dcéry lorda Riverdala nás opäť zavedie do rodiny Westcottovcov, ktorých história sa začala písať začiatkom 18.storočia. Abigail je sebavedomá hrdinka, ktorá bez váhania vyhreší sluhu, čo v prítomnosti dám rúbal drevo do pol pása nahý.. Ibaže ten muž nie je sluha, ale podplukovník Gilbert Bennington. Aj keď spočiatku navzájom sebou opovrhujú, zakrátko zistia, aký mylný môže byť prvý dojem a že iba vďaka cti môže človek nájsť pravú lásku. 
521 |a pre nevidiacich, slabozrakých a inak zdravotne postihnutých 
655 7 |a zvukové záznamy  |2 SNKPH  |9 70720 
655 7 |a kanadské romány  |2 SNKPH  |9 70714 
655 7 |a ľúbostné romány  |2 SNKPH  |9 70497 
655 7 |a CD-ROM  |2 SNKPH  |9 70236 
700 1 |a Kurimský Oľšavská, Antónia  |4 nrt  |9 173280 
752 |a Slovensko  |d Levoča 
787 0 8 |i Podľa knihy:  |t Keď príde láska  |d Bratislava : Slovenský spisovateľ, a.s., 2021  |z 978-80-220-2296-5 
919 |a 978-80-18-10450-7 
999 |c 786241  |d 788171 
952 |t 1  |a SNK  |b SNK  |c SNK_KF  |y PREZ  |7 0  |p 17A1533456  |o snkSCD 6350  |i snk2023/12632  |8 0  |0 0  |1 0  |2 udc  |4 0  |d 2023-08-28  |l 0  |r 2026-02-24 01:20:00  |w 2026-02-24